LEADER 00810naa a2200169 i 4500 001 000000294594 003 CaOOAMICUS 005 20180831172510.0 008 180831n xx u000 u und u 013 $a1871 040 $aSeMil$bita 100 1 $aSaraiva Martins, José,$c.$0(OLS)http://semarc/name/15695 245 13$aLa formazione dei sacri ministri secondo il Codice di Diritto Canonico. 650 4$aChiesa cattolica - Clero - Formazione.$0(OLS)http://semarc/subject/1849 650 4$aMinistri del culto.$0(OLS)http://semarc/subject/7988 773 0 $tIus in vita et in missione Ecclesiae.$dCittà del Vaticano : Libreria Editrice Vaticana, 1994.$z88-209-1963-X$gp.825-837$w()44083 996 $6245$aLa formazione dei sacri ministri secondo il Codice di Diritto Canonico$9(OLS)http://semarc/title/370671 LEADER 00955nam a2200241 i 4500 001 000000127122 003 CaOOAMICUS 005 20040604000000.0 008 040604s1985 it u000 u ita u 013 $a99830 040 $aSeMil$bita 245 13$aLe chiese di Milano /$ca cura di Maria Teresa Fiorio. 260 $aMilano :$bElecta,$c1985. 300 $a387 p. :$briccamente ill. ;$c30 cm. 500 $aContiene : Bibliografia. - In custodia. - Fondo Card. Giovanni Colombo. 650 4$aMilano - Chiese, basiliche, santuari e parrocchie.$0(OLS)http://semarc/subject/44656 700 1 $aFiorio, Maria Teresa.$0(OLS)http://semarc/name/7888 850 $aSeMil 852 $aSeMil$W1$xVenegono$y1$m5U XI 20$j81447$B81447$CSeMilBibl$Z2$F83576 $8I 941 1 $a3 961 $aLascito: Colombo Card. Giovanni 996 $6245$aLe chiese di Milano$9(OLS)http://semarc/title/24117 996 $6260$aMilano :$bElecta$9(OLS)http://semarc/publisher/29711